| 000 -LEADER |
| fixed length control field |
00719nam a22001337a 4500 |
| 040 ## - CATALOGING SOURCE |
| Transcribing agency |
RUA |
| 082 ## - DEWEY DECIMAL CLASSIFICATION NUMBER |
| Classification number |
AGR NEA 2022 B1-406 Or. |
| 100 ## - MAIN ENTRY--AUTHOR NAME |
| Personal name |
NEANG REAKSMEY,នាង រស្មី |
| 245 ## - TITLE STATEMENT |
| Title |
GROWTH AND YIELD VARIABILTY OF TOMATO (Solanum lycopersicum) UNDER THE USE OF MYCORRHIZA,បម្រែបម្រួលការលូតលាស់ និងទិន្នផលនៃដំណាំប៉េងប៉ោះ(Solanum lycopersicum) តាមរយៈការប្រើប្រាស់ផ្សិតMYCORRHIZA |
| 260 ## - PUBLICATION, DISTRIBUTION, ETC. (IMPRINT) |
| Place of publication |
phnom penh |
| Name of publisher |
rua |
| Year of publication |
2022 |
| 300 ## - PHYSICAL DESCRIPTION |
| Number of Pages |
ix.20p. |
| Other physical details |
ill. |
| Dimensions |
29cm. |
| 856 ## - ELECTRONIC LOCATION AND ACCESS |
| Uniform Resource Identifier |
https://drive.google.com/file/d/1MRhDNZT5GgJU2p6FfOe94OTGbe6COVdk/view?usp=sharing |
| 942 ## - ADDED ENTRY ELEMENTS (KOHA) |
| Koha item type |
AGR |
| 952 ## - LOCATION AND ITEM INFORMATION (KOHA) |
| Withdrawn status [LOCAL, KOHA] |
0 |
| 952 ## - LOCATION AND ITEM INFORMATION (KOHA) |
| Withdrawn status [LOCAL, KOHA] |
0 |
| 952 ## - LOCATION AND ITEM INFORMATION (KOHA) |
| Withdrawn status [LOCAL, KOHA] |
0 |